The noble scholar, jurist, historian


 His Excellency Dr. Abdul Wahhab bin Ibrahim Abu Sulaiman, may Allah have mercy on him.


 He was born in Umm Al-Qura in the year 1356 AH.

وطن في أمير / (Record no. 12455)

MARC details
000 -LEADER
fixed length control field 02517cam a2200457 i 4500
003 - CONTROL NUMBER IDENTIFIER
control field SA-RiAUC
005 - DATE AND TIME OF LATEST TRANSACTION
control field 20251007122022.0
008 - FIXED-LENGTH DATA ELEMENTS--GENERAL INFORMATION
fixed length control field 251007s2008 su o g f000r0bara c
017 ## - COPYRIGHT OR LEGAL DEPOSIT NUMBER
Copyright or legal deposit number 1428/6554
020 ## - INTERNATIONAL STANDARD BOOK NUMBER
International Standard Book Number 4240966
020 ## - INTERNATIONAL STANDARD BOOK NUMBER
International Standard Book Number 4274681
020 ## - INTERNATIONAL STANDARD BOOK NUMBER
International Standard Book Number 9789960038520
040 ## - CATALOGING SOURCE
Original cataloging agency SA-JeALM
Language of cataloging ara
Transcribing agency SA-RiAUC
Description conventions rda
043 ## - GEOGRAPHIC AREA CODE
Geographic area code a-su---
050 #4 - LIBRARY OF CONGRESS CALL NUMBER
Item number J36 2008
082 04 - DEWEY DECIMAL CLASSIFICATION NUMBER
Classification number 923.1
Assigning agency SA-RiAUC
090 ## - LOCALLY ASSIGNED LC-TYPE CALL NUMBER (OCLC); LOCAL CALL NUMBER (RLIN)
Classification number (OCLC) (R) ; Classification number, CALL (RLIN) (NR) 923.1
Local cutter number (OCLC) ; Book number/undivided call number, CALL (RLIN) ج ا م
110 2# - MAIN ENTRY--CORPORATE NAME
Corporate name or jurisdiction name as entry element جامعة أم القرى
Relator term مؤلف.
245 10 - TITLE STATEMENT
Title وطن في أمير /
Statement of responsibility, etc. جامعة أم القرى ؛ المشرف العام عدنان بن محمد وزان ؛ إعداد الأستاذ الدكتور يوسف بن علي الثقفي [و3 آخرون] ؛ الطباعة الإلكترونية محمد بن إبراهيم الشمراني ؛ التنسيق وائل بن محمد علي عادل ؛ تصميم وإخراج عبد المنعم النهدي.
264 #1 - PRODUCTION, PUBLICATION, DISTRIBUTION, MANUFACTURE, AND COPYRIGHT NOTICE
Place of production, publication, distribution, manufacture مكة المكرمة :
Name of producer, publisher, distributor, manufacturer جامعة أم القرى،
Date of production, publication, distribution, manufacture, or copyright notice 2008
300 ## - PHYSICAL DESCRIPTION
Extent 244 صفحة :
Other physical details صور ؛
Dimensions 26 × 26 سم
336 ## - CONTENT TYPE
Content type term نص
Content type code txt
Source rdacontent
Materials specified كتاب
337 ## - MEDIA TYPE
Media type term بدون وسيط
Media type code n
Source rdamedia
600 17 - SUBJECT ADDED ENTRY--PERSONAL NAME
Personal name آل سعود، سلمان بن عبد العزيز،
Titles and other words associated with a name ملك السعودية،
Dates associated with a name 1354 هجري-
General subdivision مطبوعات حكومية
Source of heading or term aucnm
650 #7 - SUBJECT ADDED ENTRY--TOPICAL TERM
Topical term or geographic name entry element المطبوعات الحكومية
Source of heading or term aucsh
651 #7 - SUBJECT ADDED ENTRY--GEOGRAPHIC NAME
Geographic name السعودية
General subdivision تاريخ
-- مطبوعات حكومية
Chronological subdivision سلمان بن عبد العزيز، 1436 هجري-
Source of heading or term aucsh
651 #7 - SUBJECT ADDED ENTRY--GEOGRAPHIC NAME
Geographic name السعودية
General subdivision ملوك وحكام
Form subdivision تراجم
Source of heading or term aucsh
651 #7 - SUBJECT ADDED ENTRY--GEOGRAPHIC NAME
Geographic name السعودية
General subdivision ملوك وحكام
-- مطبوعات حكومية
Source of heading or term aucsh
651 #7 - SUBJECT ADDED ENTRY--GEOGRAPHIC NAME
Geographic name السعودية
General subdivision مطبوعات حكومية
Source of heading or term aucsh
651 #7 - SUBJECT ADDED ENTRY--GEOGRAPHIC NAME
Geographic name السعودية
Form subdivision تراجم
Source of heading or term aucsh
700 1# - ADDED ENTRY--PERSONAL NAME
Personal name عادل، وائل بن محمد علي
Relator term منسق.
700 1# - ADDED ENTRY--PERSONAL NAME
Personal name النهدي، عبد المنعم حسن
Relator term مصمم.
700 1# - ADDED ENTRY--PERSONAL NAME
Personal name الشمراني، محمد بن إبراهيم
Relator term معد.
700 1# - ADDED ENTRY--PERSONAL NAME
Personal name الحارثي، عدنان محمد فايز،
Dates associated with a name 1379 هجري-
Relator term معد.
700 1# - ADDED ENTRY--PERSONAL NAME
Personal name المداح، أميرة علي محمد،
Dates associated with a name 1368 هجري-
Relator term معد.
700 1# - ADDED ENTRY--PERSONAL NAME
Personal name الأنصاري، يوسف بن عبد الله،
Dates associated with a name 1380 هجري-
Relator term معد.
700 1# - ADDED ENTRY--PERSONAL NAME
Personal name الثقفي، يوسف بن علي بن رابع،
Dates associated with a name 1367 هجري-
Relator term معد.
700 1# - ADDED ENTRY--PERSONAL NAME
Personal name وزان، عدنان محمد عبد العزيز،
Dates associated with a name 1371 هجري-
Relator term مشرف.
942 ## - ADDED ENTRY ELEMENTS (KOHA)
Source of classification or shelving scheme Dewey Decimal Classification
Koha item type Books
Suppress in OPAC No
949 ## - LOCAL PROCESSING INFORMATION (OCLC)
a SA-JeALM
d 251007
u osman123
n 1
Holdings
Withdrawn status Lost status Source of classification or shelving scheme Damaged status Not for loan Home library Current library Date acquired Total checkouts Full call number Barcode Date last seen Price effective from Koha item type
    Dewey Decimal Classification     DR AbdElwahab Library DR AbdElwahab Library 10/07/2025   923.1 ج ا م 000020023 10/07/2025 10/07/2025 Books